000
00298nam a2200109Ia 4500
005
20251222114408.0
008
251222s1900||||xx |||||||||||||| ||spa||
082
_a
DVD0092/J92P/2006
245
0
_a
Pasión y Muerte de Jesús: Consideraciones Médicas.
264
_b
Rojas Solís, Alberto.
942
_c
DVD
999
_c
1907
_d
1907